Most Popular FBS Division 1 College Football Team In Each State - Statistics

General Stats
  • This quiz has been taken 39 times
  • The average score is 30 of 50
Answer Stats
State Team % Correct
Florida Florida Gators
96%
Texas Texas Longhorns
96%
Georgia Georgia Bulldogs
93%
Michigan Michigan Wolverines
93%
Ohio Ohio State Buckeyes
93%
Oregon Oregon Ducks
89%
Missouri Missouri Tigers
85%
Oklahoma Oklahoma Sooners
85%
Tennessee Tennessee Volunteers
85%
Alabama Alabama Crimson Tide
81%
Kentucky Kentucky Wildcats
81%
North Carolina North Carolina Tar Heels
81%
California USC Trojans
81%
Washington Washington Huskies
81%
Arizona Arizona State Sun Devils
74%
Louisiana LSU Tigers
74%
Pennsylvania Penn State Nittany Lions
74%
Virginia Virginia Tech Hokies
74%
Wisconsin Wisconsin Badgers
74%
South Carolina Clemson Tigers
70%
Colorado Colorado Buffaloes
70%
Illinois Illinois Fighting Illini
70%
Maryland Maryland Terrapins
70%
New Jersey Rutgers Scarlet Knights
70%
New York Syracuse Orange
70%
Connecticut UConn Huskies
70%
Arkansas Arkansas Razorbacks
67%
Massachusetts Boston College Eagles
67%
Iowa Iowa Hawkeyes
67%
Minnesota Minnesota Golden Gophers
67%
Indiana Notre Dame Fighting Irish
67%
Utah Utah Utes
67%
Nebraska Nebraska Cornhuskers
59%
Nevada Nevada Wolf Pack
59%
Idaho Boise State Broncos
52%
Hawaii Hawaii Rainbow Warriors
52%
West Virginia West Virginia Mountaineers
52%
Kansas Kansas State Wildcats
48%
New Mexico New Mexico Lobos
48%
Wyoming Wyoming Cowboys
44%
Mississippi Mississippi State Bulldogs
37%
New Hampshire Notre Dame Fighting Irish
4%
Maine Notre Dame Fighting Irish
4%
Rhode Island Notre Dame Fighting Irish
4%
Vermont Notre Dame Fighting Irish
4%
North Dakota Minnesota Golden Gophers
0%
South Dakota Nebraska Cornhuskers
0%
Montana Oregon Ducks
0%
Alaska Oregon Ducks
0%
Delaware Penn State Nittany Lions
0%
No matching quizzes found
Score Distribution
Percent of People with Each Score
Percentile by Number Answered
Your Score History
You have not taken this quiz